000 00466cam a22001934a 4500
005 20250605164316.0
008 250528s ||||||||||||||||||||||||d
035 _a22682
020 _a9780761944522
040 _aGR-AtMCL
_bgre
_dGR-AtMCL
_eAACR2
245 1 _aDISCOVERING STATISTICS USING SPSS
250 _a2
260 _bSage Publications,
_c2005
300 _a779
700 1 _aField Andy
_93242
942 _cBK
999 _c7730
_d7730